Ökonomie der Automatisierung

Uložené v:
Podrobná bibliografia
Médium: Kniha
Jazyk:German
Vydavateľské údaje: Berlin Wirtschaft 1988
Vydanie:2. überarb. und erweit. Aufl.
Tagy: Pridať tag
Žiadne tagy, Buďte prvý, kto otaguje tento záznam!

MARC

LEADER 00000nam a2200000 4500
001 c025285
005 20250610092742.2
041 0 |a ger 
044 |a DE 
245 1 0 |a Ökonomie der Automatisierung 
250 |a 2. überarb. und erweit. Aufl. 
264 1 |a Berlin  |b Wirtschaft  |c 1988 
300 |a 312 s.